| 000 | 00376nam a22001457a 4500 | ||
|---|---|---|---|
| 082 |
_aH1 _bRAM/K |
||
| 100 | _aRamchandru Sastri | ||
| 245 |
_aKavi- vilasith/ _cby Ramchandru Sastri |
||
| 260 |
_aJaipur: _bRamchandru Sastri Smruthi-Janmandgal Pranyas, _c2016. |
||
| 300 | _a80p. | ||
| 650 | _aPoetry Hindi | ||
| 650 | _aLiterature Hindi | ||
| 650 | _aLiterature | ||
| 942 | _cBK | ||
| 999 |
_c67931 _d67931 |
||